00337nam a2200109Ia 4500008004100000020002200041041001200063100007700075245002200152260003200174650002100206231221s9999 xx 000 0 und d a978-0-387-44599-1 aEnglish aMihai Christodorescu, Somesh Jha, Douglas Maughan, Dawn Song, Cliff Wang 0aMalware Detection c2007bSpringer USaNew York aComputer Science